000 01531nam0a2200361 4500
001 RU\NLR\bibl\1690545
005 20260405210213.0
010 _a978-5-379-01614-2
_92000
021 _aRU
_b2010-72996
_94836
035 _a(nilc)RSL-KNO-004737129
035 _a(NLR Aleph) 001681664
090 _a1105141
_c1105141
100 _a20100928d2010 |||y0rusy50 ca
101 0 _arus
102 _aRU
105 _ay |||||||||
200 1 _aПенсии по инвалидности и потере кормильца
_eкак получить
_e[пособие
_fСоколов В.А.]
210 _aНовосибирск
_cСибирское университетское изд-во
_d2010
215 _a239, [1] с.
_cил., табл.
_d21
_e[1] отд. л. схем.
225 1 _aПошаговые инструкции
606 1 _aПенсии по инвалидности
_yРоссийская Федерация
_92474765
_3RU\NLR\auth\661469531
606 1 _aПенсии по случаю потери кормильца
_yРоссийская Федерация
_92282029
_3RU\NLR\auth\661367163
686 _aХ627.6,0
_2rubbk
686 _aУ27(2)222.2
686 _aУ27(2)222.4
686 _aХ627.621.2
702 1 _4220
_7ca
_8rus
_aСоколов
_bВ. А.
_cюрист
_gВладимир Александрович
_976310
_3RU\NLR\auth\7793384
801 0 _aRU
_bРГБ
_c20100928
_grcr
801 1 _aRU
_bРГБ
_c20100928
801 2 _aRU
_bNLR
_c20101025
_grcr
942 _cBOOK
980 _aNB